Trade of Japan seeking harmony and development of the world economy

Enregistré dans:
Détails bibliographiques
Format: Livre
Langue:Undetermined
Publié: Japan Ministry of International Trade and Industry 1973
Sujets:
Tags: Ajouter un tag
Pas de tags, Soyez le premier à ajouter un tag!
Thư viện lưu trữ: Trung tâm Học liệu Trường Đại học Cần Thơ
LEADER 00505nam a2200169Ia 4500
001 CTU_97430
008 210402s9999 xx 000 0 und d
082 |a 382 
082 |b T763 
245 0 |a Trade of Japan seeking harmony and development of the world economy 
260 |a Japan 
260 |b Ministry of International Trade and Industry 
260 |c 1973 
650 |a Japan,Japan 
650 |x Commerce,Manufactures 
904 |i Tuyến 
980 |a Trung tâm Học liệu Trường Đại học Cần Thơ